Statistics for Countries bordering Italy 1939

Click here to take the quiz!

General Stats

  • This quiz has been taken 21 times
  • The average score is 5 of 7

Answer Stats

HintAnswer% Correct
Close to TurinFrance
95%
Bordering in northGermany
85%
Close to MilanSwitzerland
85%
Close to VeniceYugoslavia
65%
Close to Tobruk and KufraEgypt
60%
Italy owned half of this countryEthiopia
60%
Close to Libya and EthiopiaUnited kingdom
45%

Score Distribution

Percentile by Number Answered

Percent of People with Each Score

Your Score History

You have not taken this quiz